书目信息 |
| 题名: |
宠物美容与护理
|
|
| 作者: | 陈张华 , 张斌 , 林建和 主编 | |
| 分册: | ||
| 出版信息: | 成都 西南交通大学出版社 2019.01 |
|
| 页数: | 114页 | |
| 开本: | 26cm | |
| 丛书名: | ||
| 单 册: | ||
| 中图分类: | S865.3 | |
| 科图分类: | ||
| 主题词: | 宠物--chong wu--美容--高等学校--教材 , 宠物--chong wu--饲养管理--高等学校--教材 | |
| 电子资源: | ||
| ISBN: | 978-7-5643-6759-6 | |
| 000 | 01023nam0 2200277 450 | |
| 001 | CAL 0120192693020 | |
| 005 | 20230217093111.0 | |
| 010 | @a978-7-5643-6759-6@dCNY30.00 | |
| 100 | @a20190416d2019 em y0chiy0120 ea | |
| 101 | 0 | @achi |
| 102 | @aCN@b510000 | |
| 105 | @aak a 000yy | |
| 106 | @ar | |
| 200 | 1 | @a宠物美容与护理@Achong wu mei rong yu hu li@f主编陈张华, 张斌, 林建和 |
| 210 | @a成都@c西南交通大学出版社@d2019.01 | |
| 215 | @a114页@c图@d26cm | |
| 320 | @a有书目 (第114页) | |
| 330 | @a本书参照宠物健康护理员国家职业标准和宠物美容师行业标准编写, 适合行业培训和教学所需, 内容安排以宠物犬、猫美容与护理的操作程序为主线, 设计了5项关键技术, 每项技术又分解为具体的工作任务来讲授。 | |
| 606 | 0 | @a宠物@Achong wu@x美容@x高等学校@j教材 |
| 606 | 0 | @a宠物@Achong wu@x饲养管理@x高等学校@j教材 |
| 690 | @aS865.3@v5 | |
| 701 | 0 | @a陈张华@Achen zhang hua@4主编 |
| 701 | 0 | @a张斌@Azhang bin@4主编 |
| 701 | 0 | @a林建和@Alin jian he@4主编 |
| 801 | 0 | @aCN@bBJXHZP@c20230228 |
| 905 | @b1395370-3@dS865.3@e220@f4 | |
| 宠物美容与护理/主编陈张华, 张斌, 林建和.-成都:西南交通大学出版社,2019.01 |
| 114页:图;26cm |
| ISBN 978-7-5643-6759-6:CNY30.00 |
| 本书参照宠物健康护理员国家职业标准和宠物美容师行业标准编写, 适合行业培训和教学所需, 内容安排以宠物犬、猫美容与护理的操作程序为主线, 设计了5项关键技术, 每项技术又分解为具体的工作任务来讲授。 |
| ● |
| 相关链接 |
|
|
|
|
正题名:宠物美容与护理
索取号:S865.3/220
 
预约/预借
| 序号 | 登录号 | 条形码 | 馆藏地/架位号 | 状态 | 备注 |
| 1 | 1395370 | 213953701 | 第二样本阅览室/ [索取号:S865.3/220] | 在馆 | |
| 2 | 1395371 | 213953710 | 第三借阅区/ [索取号:S865.3/220] | 在馆 | |
| 3 | 1395372 | 213953729 | 第三借阅区/ [索取号:S865.3/220] | 在馆 | |
| 4 | 1395373 | 213953738 | 第三借阅区/ [索取号:S865.3/220] | 在馆 |